Investigating Specific Language Structures in the Documents of the European Union

Teória ekonómie jazyka. Princípy tvorby skratiek. Angličtina v Európskej únii. Prehľad štruktúr skratiek v Európskej únii.

Saved in:
Bibliographic Details
Main Author: Kapráliková, Ivana, 1974-
Format: Book Chapter
Language:English
Subjects:
Tags: Add Tag
No Tags, Be the first to tag this record!

MARC

LEADER 00000nla a2200000 4500
001 0214036
005 20240502073556.2
041 0 |a eng 
044 |a SK 
245 1 0 |a Investigating Specific Language Structures in the Documents of the European Union  |c Ivana Kapráliková 
520 |a Teória ekonómie jazyka. Princípy tvorby skratiek. Angličtina v Európskej únii. Prehľad štruktúr skratiek v Európskej únii. 
610 2 0 |a jazyk diplomatický 
610 2 0 |a angličtina 
610 2 0 |a analýzy 
100 1 |a Kapráliková, Ivana, 1974-